00511nam a2200193 a 4500001001300000003000900013005001700022008004100039020002300080082001400103100001900117245004300136260003300179300000900212500003500221505002400256650001800280700001900298nice12345678IN_TiNIC20260116014017.0121121s2008 inda grp 000 0 eng  a9780143064688c27500a954bTHA5 aThapar, Romila aSomanathab The Many Voices of History aIndia bPenguin Books c2008 a260p aincludes index and biblioraphy2 aBibliography, Index aHistory-India1 aThapar, Romila